Elementární funkce v teorii a praxi /

Gespeichert in:
Bibliographische Detailangaben
Hauptverfasser: Gál, Tomáš, 1967- (Verfasst von), Růžička, Jaroslav (Verfasst von)
Format: Buch
Sprache:Tschechisch
Veröffentlicht: Praha : SNTL, 1967
Tags: Tag hinzufügen
Keine Tags, Fügen Sie das erste Tag hinzu!

MARC

LEADER 00000nam a22000003a 4500
001 stu36331
005 20150617225727.2
008 920601s1967----cs------------------cze-d
040 |a STU  |b slo 
041 0 |a cze 
044 |a cs 
100 1 |a Gál, Tomáš,  |d 1967-  |4 aut  |u A361  |T prv FA Výpočtové stredisko  |X 336  |U A361  |Y A361  |7 A000000336 
245 1 |a Elementární funkce v teorii a praxi /  |c [aut.]Tomáš Gál, Jaroslav Růžička 
260 |a Praha :  |b SNTL,  |c 1967 
300 |a 427 s 
700 1 |a Růžička, Jaroslav  |4 aut 
996 |b 284M012940  |c M*5220-1  |l MMKN  |s A  |a 24  |w stu36331_0001 
996 |b 284M012941  |c M*5220-2  |l MMKN  |s A  |a 24  |w stu36331_0002